| 000 | 00691nam a2200205Ia 4500 | ||
|---|---|---|---|
| 008 | 0000001952 usa 0000000000eng00 | ||
| 090 | _aPSP00 L31p | ||
| 100 | 1 | _aLiberman, William S. | |
| 245 | 1 | 0 |
_aPablo Picasso _c/ text by William S. Liberman |
| 260 |
_aNew York : _bHarry N. Abrams, _c1952 |
||
| 300 |
_a24 p . _c/ 32 cm. |
||
| 440 | _aThe library of great painters | ||
| 500 | _aCon el patronazgo del maestro venezolano Jesús Rafael Soto (q.e.p.d.) \ | ||
| 600 | 0 | 0 |
_aPICASSO, PABLO, 18811973/ _xTRABAJOS PICTORICOS |
| 650 | 1 | 4 | _aARTE MODERNO ESPAÑOL |
| 650 | 1 | 4 | _xCATALOGOS |
| 650 | 1 | 4 | _aPINTORES ESPAÑOLES |
| 650 | 1 | 4 | _aPINTURA ESPAÑOLA |
| 942 | _2ddc | ||
| 999 |
_c5884 _d5884 |
||